01245cam a22003014a 45000010009000000050017000090080041000260100017000670200028000840200031001120400018001430420008001610500021001690820022001901000032002122450101002442600049003453000033003945040066004276500052004936500044005456530021005898560091006108560092007019420012007939990017008059520121008221345041420080307142606.0040106s2004 gw a b 001 0 eng  a 2004041646 a3540201041 (alk. paper) a9783540201045 (alk. paper) aDLCcDLCdDLC apcc00aTJ756b.O67 200400a629.2504222bOPP1 aOppenheim, Antoni K.92760510aCombustion in Piston Engines :bTechnology, Evolution, Diagnosis, and Control /cA.K. Oppenheim. aBerlin ;aNew York :bSpringer, 2004cc2004. axi, 160 p. :bill. ;c24 cm. aIncludes bibliographical references (p. [149]-156) and index. 0aInternal combustion enginesxCombustion.927606 0aAutomobilesxMotorsxCombustion.927607 bMeccOctober2011423Publisher descriptionuhttp://www.loc.gov/catdir/enhancements/fy0817/2004041646-d.html413Table of contents onlyuhttp://www.loc.gov/catdir/enhancements/fy0817/2004041646-t.html 2ddccBB c16160d16160 00102ddc40708sorazbkaMAINbMAINc1STd2011-10-26epurchasel0o629.2504 OPPp000025503r2025-07-15 00:00:00yBB